Historia de la educación en la argentina 8: dictaduras y utopias en la historia reciente de la educación argentina 1955-1983 /
Guardado en:
| Autor Principal: | |
|---|---|
| Otros Autores: | , , , , , , |
| Formato: | Libro |
| Publicado: |
Buenos Aires :
Galerna
|
| Materias: | |
| Etiquetas: |
Agregar Etiqueta
Sin Etiquetas, Sea el primero en etiquetar este registro!
|
| LEADER | 01925nam a22003015a 4500 | ||
|---|---|---|---|
| 001 | CEM.cems011837 | ||
| 005 | 20070629161524.0 | ||
| 008 | 130507b######################000#0#####d | ||
| 003 | CEMS | ||
| 020 | |a 9505563655 | ||
| 082 | 0 | 4 | |a 370.982 |
| 100 | 1 | |a Puiggrós, Adriana | |
| 245 | 1 | 0 | |a Historia de la educación en la argentina 8: dictaduras y utopias en la historia reciente de la educación argentina 1955-1983 / |c Dirección de Adriana Puiggrós |
| 260 | |a Buenos Aires : |b Galerna | ||
| 300 | |a 416 p. | ||
| 505 | 0 | |a Espiritualimo, normalismo y educación / Adriana Puiggrós -- Algunas características de la formación docente en la historia educativa reciente. El legado del espiritualismo y el tecnocratismo (1955-76) / Myriam Southwell -- Las puertas del cielo. Hipótesis acerca de la recepción de la psicogénesis y el constructivismo de raíz piagetiana en el campo pedagógico argentino 1950-1981 / Marcelo Caruso ; Gabriela Fairstein -- Infancia, psicoanálisis y crisis de generaciones. Una exploración de las nuevas formas del debate en educación. 1955-1983 / Sandra Carli -- Pedagogía de la liberación y educación de adultos / Lidia Rodríguez -- Educación, política y cultura adolescente 1955-1970 / Rafael Gagliano -- La democracia proscriptiva. Los sentidos que educan a la juventud de los '70 / Martha Amuchástegui -- La verguenza de haber sido y el dolor de ya no ser: los avatares de la educación técnica entre 1955 y 1983 / Pablo Pineau -- | |
| 653 | |a Educación | ||
| 653 | |a Historia de la educación argentina | ||
| 653 | |a Educación argentina | ||
| 653 | |a Educación y sociedad | ||
| 700 | 1 | |a Southwell, Myriam | |
| 700 | 1 | |a Caruso, Marcelo | |
| 700 | 1 | |a Fairstein, Gabriela | |
| 700 | 1 | |a Rodríguez, Lidia | |
| 700 | 1 | |a Gagliano, Rafael | |
| 700 | 1 | |a Amuchástegui, Martha | |
| 700 | 1 | |a Pineau, Pablo | |
| 859 | |a CEMS |b BIB. CEMS - 11 de abril |h 370.982 |i P964-1 |p 22742.05 |t Ej.1 |v 8 |3 8 | ||
